Secuencias temporalizadas (Record no. 13138)

MARC details
000 -LEADER
campo de control de longitud fija 01012nam a22002775i 4500
001 - NÚMERO DE CONTROL
campo de control 13138
003 - IDENTIFICADOR DE NÚMERO DE CONTROL
campo de control ES-MaACL
005 - FECHA Y HORA DE LA ÚLTIMA TRANSACCIÓN
campo de control 20240225063047.0
007 - CAMPO FIJO DE DESCRIPCIÓN FÍSICA--INFORMACIÓN GENERAL
campo de control de longitud fija t|
008 - DATOS DE LONGITUD FIJA--INFORMACIÓN GENERAL
campo de control de longitud fija 951117s1994 sp a ||||0| spa j
020 ## - NÚMERO INTERNACIONAL ESTÁNDAR DEL LIBRO
Número Internacional Estándar del Libro 84-7954-038-9
080 ## - NÚMERO DE LA CLASIFICACIÓN DECIMAL UNIVERSAL
Número de la Clasificación Decimal Universal 7 Carrión, Héctor
100 1# - ENTRADA PRINCIPAL--NOMBRE DE PERSONA
Nombre de persona Fernández-Carrión, Miguel-Héctor,
Fechas asociadas al nombre 1955-
9 (RLIN) 35796
245 10 - MENCIÓN DEL TÍTULO
Título Secuencias temporalizadas
Resto del título = Series in secuence /
Mención de responsabilidad, etc. Héctor Carrión ; prólogo de Julio Caro Baroja ; introducción de Víctor Nieto Alcaide.
246 31 - FORMA VARIANTE DEL TITULO
Título propio/Titulo breve Series in secuence
260 ## - PUBLICACIÓN, DISTRIBUCIÓN, ETC.
Lugar de publicación, distribución, etc. Madrid :
Nombre del editor, distribuidor, etc. Libertarias/Prodhufi,
Fecha de publicación, distribución, etc. [1994]
300 ## - DESCRIPCIÓN FÍSICA
Extensión 155 p. :
Otras características físicas il. col. y n. ;
Dimensiones 20 cm.
490 1# - MENCIÓN DE SERIE
Mención de serie Biblioteca de arte ;
Designación de volumen o secuencia 2
504 ## - NOTA DE BIBLIOGRAFÍA, ETC.
Nota de bibliografía, etc. Bibliografía: p. 147-155.
600 17 - PUNTO DE ACCESO ADICIONAL DE MATERIA--NOMBRE DE PERSONA
Nombre de persona Fernández-Carrión, Miguel-Héctor,
Fechas asociadas al nombre 1955-
Fuente del encabezamiento o término embne
9 (RLIN) 35796
700 1# - ENTRADA AGREGADA--NOMBRE PERSONAL
Nombre de persona Caro Baroja, Julio,
Fechas asociadas al nombre 1914-1995
9 (RLIN) 35403
700 1# - ENTRADA AGREGADA--NOMBRE PERSONAL
Nombre de persona Nieto Alcaide, Víctor.
9 (RLIN) 85671
830 0# - PUNTO DE ACCESO ADICIONAL DE SERIE-TÍTULO UNIFORME
Título uniforme Biblioteca de arte ;
Designación de volumen o secuencia 2
9 (RLIN) 179381
852 ## - LOCALIZACIÓN
Ubicación ES-MaACL
Número de control de estantería L-20544
Holdings
Estatus retirado Estado de pérdida Estado de daño No para préstamo Biblioteca de origen Biblioteca actual Ubicación en estantería Fecha de adquisición Fuente de adquisición Total de préstamos Signatura topográfica completa Código de barras Visto por última vez Precio de reemplazo Tipo de ítem Koha
        Biblioteca del Ateneo de Madrid Biblioteca del Ateneo de Madrid Depósito 2 17/01/2008     L-20544 1013378 23/02/2023 23/02/2023 Libro impreso